Score 0/16 Timer 05:00
2 Plays Today
Hint Answer % Correct
Eggplant
99.1%
Hot Dog
97.3%
Cheesecake
96.8%
Key Lime Pie
94%
Sandwich
93.4%
Barbecue Ribs
92.6%
Pineapple
91.6%
Horseradish
91.6%
Hint Answer % Correct
Walnuts
88.4%
Peking Duck
85.1%
Spring Roll
82.5%
Buffalo Wings
80.5%
Panini
79.4%
Bagel
75.9%
Gravy
72.3%
Baklava
54.8%
Remove Ads.
Support Sporcle.
Get the best of Sporcle when you Go Orange. This ad-free experience offers more features, more stats, and more fun while also helping to support Sporcle. Thank you for becoming a member.

You're not logged in!

Compare scores with friends on all Sporcle quizzes.
OR
Log In

Show Comments

Extras

Top Quizzes Today


Score Distribution

Your Account Isn't Verified!

In order to create a playlist on Sporcle, you need to verify the email address you used during registration. Go to your Sporcle Settings to finish the process.

Report this User

Report this user for behavior that violates our Community Guidelines.

Details: